000 00591cab a2200229 4500
001 X97537
008 090401t1999 xxu||||| |||| 00| 0 eng d
035 _a(Sirsi) u92216
041 _aeng
245 _aPossession and trespass
260 _c1999
350 _a0
490 _aEstates Gazette Case Summaries
_v[1999] EGCS 31 (1)
650 _aDUTTON AND OTHERS V MANCHESTER AIRPORT PLC
650 _aORDER 113 OF RULES OF SUPREME COURT 1965
650 _aPOSSESSION ORDER
650 _aPOSSESSION
650 _aTRESPASS
690 _aLAND
942 _n0
948 _c18/03/1999
999 _c58468
_d58468